000 00960nam a22002177a 4500
008 240625b mp ||||| |||| 00| 0 mon d
035 _a14397
040 _aGA0182080
_bmon
_cMN-UlNLM
_dMN-UlNLM
_erda
041 _amon
042 _a78156
084 _2NNA
_a78.30
_bН 728
100 _aБоловсруулсан Д.Энхтунгалаг, Н.Баясгалан, Г.Батцэнгэл
245 0 _aНомын сан,мэдээллийн байгууллагад мөрдөх стандартын эмхтгэл
264 _bСХЗГ
_c2013
300 _a278х.
336 _2rdacontent
_atext
_btxt
337 _2rdamedia
_aunmediated
_bn
338 _2rdacarrier
_avolume
_bnc
650 _aномын санд мөрдөгдөх ном зүйн бичилт, архив номын сангийн өв санг хадгалж хамгаалах, тавигдах шаадлага, баримт бичгийн бүрдлүү...
942 _2NNA
_cBK
999 _c1036598
_d1036655